000 00745nas a22002417a 4500
005 20150818105950.0
008 150818b2008 ve |||||r|||| 00| 0 spa d
022 _a18569196
040 _aCO-BoIAVH
_cCO-BoIAVH
041 0 _aspa
044 _ave
090 _aSE
110 2 _aFundación la Salle de Ciencias Naturales
_93173
245 1 _a21 experiencias ambientales para el siglo 21
260 3 _aVenezuela:
_bGráficas Lauki,
_c2008-.
300 _c28 cm.
505 _aIncluye tabla de contenido.
650 6 _aBiodiversidad
_xInvestigación
650 6 _aConservación biodiversidad
_xInvestigación
650 6 _aRecursos hídricos
_xInvestigación
651 0 _aVenezuela
942 _2z
_cREVISTA
_s1
999 _c17686
_d17686